000 00674cam a22002411 4500
001 31751
003 BD-RjUL
005 20211209051738.0
008 140422s1955 pk c 000 0 eng
035 _a(BD-RjUL)31839
035 _a(OCoLC)2725045
040 _aDLC
_cDGW
_dDLC
_dBD-RjUL
_beng
041 _aeng
082 _a294.30954
_bBUD 1955
245 0 0 _aBuddhism in Pakistan /
_cby a Pakistani Buddhist.
260 _aKarachi :
_bPakistan Publications,
_c1955.
300 _a57 p. :
_bPort. ;
_c21 cm.
650 0 _aBuddhism
_zPakistan.
_996625
700 0 _aA Pakistani Buddhist.
_996626
942 _2ddc
_cBK
999 _c31751
_d31751